IP over WDM (Record no. 4730)

000 -LEADER
fixed length control field 00465 a2200157 4500
020 ## - INTERNATIONAL STANDARD BOOK NUMBER
International Standard Book Number 0470844175
040 ## - CATALOGING SOURCE
Original cataloging agency DLC
Language of cataloging DLC
082 ## - DEWEY DECIMAL CLASSIFICATION NUMBER
Classification number 621.382
100 ## - MAIN ENTRY--PERSONAL NAME
Personal name Liu, Kevin H.
245 ## - TITLE STATEMENT
Title IP over WDM
Statement of responsibility, etc. Kevin H.Liu
260 ## - PUBLICATION, DISTRIBUTION, ETC.
Place of publication, distribution, etc. New York :
Name of publisher, distributor, etc. J. Wiley,
Date of publication, distribution, etc. 2002.
300 ## - PHYSICAL DESCRIPTION
Extent xxiii, 389 p. :
Other physical details ill. ;
Dimensions 25 cm.
500 ## - GENERAL NOTE
General note Includes Index
650 ## - SUBJECT ADDED ENTRY--TOPICAL TERM
Topical term or geographic name entry element 1.Wavelength division multiplexing.2.TCP/IP (Computer network protocol).3.Fiber optics.
942 ## - ADDED ENTRY ELEMENTS (KOHA)
Koha item type Book
Call number prefix 621.382 LIU
Source of classification or shelving scheme
Holdings
Withdrawn status Lost status Damaged status Not for loan Collection code Permanent Location Current Location Shelving location Date acquired Source of acquisition Cost, normal purchase price Total Checkouts Full call number Barcode Date last seen Price effective from Koha item type
          Central Library (CL) Central Library (CL) General Stacks 06/07/2003 NIMS Photocopier 458.00   621.382 LIU SEECS003505 11/14/2012 01/05/2017 Book
          Central Library (CL) Central Library (CL) General Stacks 06/07/2003 NIMS Photocopier 458.00   621.382 LIU SEECS003503 11/14/2012 01/05/2017 Book
          Central Library (CL) Central Library (CL) General Stacks 06/07/2003 NIMS Photocopier 458.00   621.382 LIU SEECS003504 11/14/2012 01/05/2017 Book
© 2023 Central Library, National University of Sciences and Technology. All Rights Reserved.